000 00451nam a2200181Ia 4500
008 131103s9999 xx 000 0 und d
040 _aLoreto College
041 _aEnglish
082 _aF/CAT
_bLCBED/9846
100 _aCather, Willa
245 _aO pioneers!
_cWilla Cather
260 _aLondon
_bVirago
_c1983
300 _a318p.
_c 22cm.
650 _aEnglish Fiction
651 _aEnglish literature
850 _aLCBED/F/CAT
942 _cBK
999 _c32678
_d83157